000
00300nam a22001217a 4500
008
180208b xxu||||| |||| 00| 0 eng d
041
_a
eng
080
_2
2nd
_a
33
100
_a
58
101
_a
BIZ
245
_a
Management objectives results for business and indusry
_c
Morrisey,G.L
942
_2
udc
_c
BK
999
_c
42143
_d
42143